000 00694nam a2200229Ia 4500
003 GCL
008 140319s9999 xx 000 0 ara d
040 _aGCL /
_cGCL
082 0 4 _a342.023
_bا ح
100 1 _aانور احمد رسلان
245 1 0 _aالحقوق والحريات العامة فى عالم متغير /
_cانور احمد رسلان
260 _a[S.N] :
_bدار النهضة ،
_c1993
300 _a276 ص
490 _a
650 0 4 _aالقانون
650 0 4 _aالقانون العام
650 0 4 _aالقانون الدستورى
650 0 4 _aالقاطرات
650 0 4 _aسيادة القانون
650 0 4 _aالمواطنة
942 _2ddc
_cBK
999 _c55061
_d55061